000 00876nas a2200289 4500
001 BR2014007490
003 BR-BrBNA
005 20231205124739.0
007 ta
008 230509b bl.|||p| |||| 00| 00por d
040 _aBR-BrBNA
_bpor
_cBiblioteca Nacional de Agricultura
041 _a(En)
072 _aP33
100 1 _aHernández, E.I.
100 1 _aMelendez-Pastor, I.
100 1 _aNavarro-Pedreño, J.
100 1 _aGómez, I.
245 1 _aSpectral indices for the detection of salinity effects in melon plants
650 _aANALISE DO SOLO
650 _aSALINIDADE
650 _aPROPRIEDADE FISICO-QUIMICA
650 _aCUCUMIS MELO
650 _aFISIOLOGIA VEGETAL
773 0 _tScientia Agricola (Brazil)
_xISSN 0103-9016
_g(Jul-Aug 2014), v. 71(4) p. 324-330
_wBR2014007490
909 _a202311
_bLúcia
_c55
_dLúcia Elande
942 _2AGRIS
_n0
_cANA
999 _c240686
_d240686